Khasiat & Manafaat : Brotowali si pahit yang menyembuhkan

Bibliographic Details
Format: Book
Published: Jakarta : AgroMedia Pustaka , 2003
Subjects:

MARC

LEADER 00000cam a2200000 7i4500
001 0000003752
005 20110510.0
020 0 0 |a 979335710X 
090 0 0 |a 633.88   |b BUDI 
245 1 0 |a Khasiat & Manafaat :   |b Brotowali si pahit yang menyembuhkan   |c Budi Kresnady & Tim Lentera 
260 0 0 |a Jakarta :   |b AgroMedia Pustaka ,   |c 2003 
300 |a vii.60 p. ;   |c 24 cm. 
650 0 0 |a Tanaman ubat 
999 |a 007264   |b Monograph   |c Open Shelf   |e Default branch